<?xml version="1.0" encoding="UTF-8"?>
<record
    xmlns:xsi="http://www.w3.org/2001/XMLSchema-instance"
    xsi:schemaLocation="http://www.loc.gov/MARC21/slim http://www.loc.gov/standards/marcxml/schema/MARC21slim.xsd"
    xmlns="http://www.loc.gov/MARC21/slim">

  <leader>03429nam a2200541Ia 4500</leader>
  <controlfield tag="001">3908</controlfield>
  <controlfield tag="008">241029s9999    xx            000 0 und d</controlfield>
  <datafield tag="010" ind1=" " ind2=" ">
    <subfield code="a">3667</subfield>
  </datafield>
  <datafield tag="041" ind1=" " ind2=" ">
    <subfield code="a">Espa&#xF1;ol</subfield>
  </datafield>
  <datafield tag="082" ind1=" " ind2=" ">
    <subfield code="a">MA-ES 0013 FH 2010</subfield>
  </datafield>
  <datafield tag="245" ind1=" " ind2="0">
    <subfield code="a">Nivel de Conocimiento de las Estrategias Constructivistas Utilizadas por los Docentes y su Aplicaci&#xF3;n a los Estudiantes de Pedagog&#xED;a en el CURNE, San Francisco de Macor&#xED;s, Semestre Acad&#xE9;mico 2008-1</subfield>
  </datafield>
  <datafield tag="260" ind1=" " ind2=" ">
    <subfield code="a">Duarte</subfield>
  </datafield>
  <datafield tag="300" ind1=" " ind2=" ">
    <subfield code="a">127</subfield>
  </datafield>
  <datafield tag="520" ind1=" " ind2=" ">
    <subfield code="a">12</subfield>
  </datafield>
  <datafield tag="630" ind1=" " ind2=" ">
    <subfield code="a">Estrategia</subfield>
  </datafield>
  <datafield tag="630" ind1=" " ind2=" ">
    <subfield code="a">Pedagog&#xED;a</subfield>
  </datafield>
  <datafield tag="650" ind1=" " ind2=" ">
    <subfield code="a">Tecnolog&#xED;a Educativa</subfield>
  </datafield>
  <datafield tag="690" ind1=" " ind2=" ">
    <subfield code="a">Elaborado</subfield>
  </datafield>
  <datafield tag="700" ind1=" " ind2=" ">
    <subfield code="e">asesor</subfield>
    <subfield code="a"> Peralta Beato, Mercedes</subfield>
  </datafield>
  <datafield tag="700" ind1=" " ind2=" ">
    <subfield code="e">autor</subfield>
    <subfield code="a"> L&#xF3;pez Merejo, Mar&#xED;a de los &#xC3;&#x81;ngeles </subfield>
  </datafield>
  <datafield tag="700" ind1=" " ind2=" ">
    <subfield code="e">autor</subfield>
    <subfield code="a">L&#xF3;pez, Wlianiv Rosa </subfield>
  </datafield>
  <datafield tag="901" ind1=" " ind2=" ">
    <subfield code="a">{"1":" L&#xF3;pez Merejo","2":"L&#xF3;pez"}</subfield>
    <subfield code="b">{"1":"Mar&#xED;a de los &#xC3;&#x81;ngeles ","2":"Wlianiv Rosa "}</subfield>
  </datafield>
  <datafield tag="902" ind1=" " ind2=" ">
    <subfield code="a">1</subfield>
  </datafield>
  <datafield tag="903" ind1=" " ind2=" ">
    <subfield code="a">{"1":" Peralta Beato"}</subfield>
    <subfield code="b">{"1":"Mercedes"}</subfield>
  </datafield>
  <datafield tag="904" ind1=" " ind2=" ">
    <subfield code="a">Maestr&#xED;a en</subfield>
  </datafield>
  <datafield tag="905" ind1=" " ind2=" ">
    <subfield code="a">Ense&#xF1;anza Superior</subfield>
  </datafield>
  <datafield tag="906" ind1=" " ind2=" ">
    <subfield code="a">2</subfield>
  </datafield>
  <datafield tag="907" ind1=" " ind2=" ">
    <subfield code="a">NO APLICA</subfield>
  </datafield>
  <datafield tag="908" ind1=" " ind2=" ">
    <subfield code="a">NO APLICA</subfield>
  </datafield>
  <datafield tag="909" ind1=" " ind2=" ">
    <subfield code="a">Universidad Aut&#xF3;noma de Santo Domingo (UASD)</subfield>
  </datafield>
  <datafield tag="910" ind1=" " ind2=" ">
    <subfield code="a">NULL</subfield>
    <subfield code="b">NULL</subfield>
  </datafield>
  <datafield tag="911" ind1=" " ind2=" ">
    <subfield code="a">["1"]</subfield>
  </datafield>
  <datafield tag="912" ind1=" " ind2=" ">
    <subfield code="a">NO APLICA</subfield>
  </datafield>
  <datafield tag="913" ind1=" " ind2=" ">
    <subfield code="a">NULL</subfield>
  </datafield>
  <datafield tag="914" ind1=" " ind2=" ">
    <subfield code="a">02 de Agosto de 2010</subfield>
  </datafield>
  <datafield tag="915" ind1=" " ind2=" ">
    <subfield code="a">NULL</subfield>
  </datafield>
  <datafield tag="916" ind1=" " ind2=" ">
    <subfield code="a">NULL</subfield>
  </datafield>
  <datafield tag="917" ind1=" " ind2=" ">
    <subfield code="a">NULL</subfield>
  </datafield>
  <datafield tag="918" ind1=" " ind2=" ">
    <subfield code="a">NO APLICA</subfield>
  </datafield>
  <datafield tag="919" ind1=" " ind2=" ">
    <subfield code="a">["92","153"]</subfield>
  </datafield>
  <datafield tag="520" ind1=" " ind2=" ">
    <subfield code="a">El estudio se plante&#xF3; como objetivo principal determinar el nivel de conocimiento de las estrategias constructivistas utilizadas por los docentes y su aplicaci&#xF3;n a los estudiantes de Pedagog&#xED;a en el CURNE, as&#xED; como, determinar la formaci&#xF3;n pedag&#xF3;gica y el entrenamiento recibido por los docentes de Pedagog&#xED;a en el CURNE. La metodolog&#xED;a utilizada fue de corte descriptivo. Como instrumento se emple&#xF3; dos cuestionarios a (docentes y estudiantes) y an&#xE1;lisis documental. Se utilizo una muestra de diez y ocho (18) docentes y trescientos ocho (308) estudiantes de la Escuela de Pedagog&#xED;a en el CURNE.Entre las principales conclusiones, se destaca que en cuanto al nivel acad&#xE9;mico de los docentes, las Escuelas de Pedagog&#xED;a en el CURNE cuenta con un personal docente que a juzgar por su nivel acad&#xE9;mico, se encuentra en optimas condiciones para la labor docente que realiza. La investigaci&#xF3;n muestra que el 67% de los dicentes de Pedagog&#xED;a han recibido entrenamientos en teor&#xED;as constructivistas y constructivista social, esto indica que los docentes est&#xE1;n preparados para dirigirse de forma adecuada a sus estudiantes en el manejo de estrategias constructivistas para un mejor desempe&#xF1;o en el aula de clase.La principal recomendaci&#xF3;n del estudio indica que los docentes de la Escuela de Pedagog&#xED;a en el CURNE, deben asumir las estrategias constructivistas como una operaci&#xF3;n sistem&#xE1;tica participativa e integrada en la actividad educativa, implement&#xE1;ndola como el medio m&#xE1;s pertinente para predecir el rendimiento y la aptitud de los estudiantes durante todo el proceso educativo, desde el inicio hasta el final de la clase. Se recomienda, tambi&#xE9;n, seguir cultivando el principio de integridad acad&#xE9;mica y la &#xE9;tica en el uso de las estrategias de ense&#xF1;anza-aprendizaje, promoviendo la cualidad de rectitud, honradez y veracidad que debe impregnar todo el quehacer educativo.</subfield>
  </datafield>
  <datafield tag="921" ind1=" " ind2=" ">
    <subfield code="a">16</subfield>
  </datafield>
  <datafield tag="922" ind1=" " ind2=" ">
    <subfield code="a">16</subfield>
  </datafield>
  <datafield tag="923" ind1=" " ind2=" ">
    <subfield code="a">0</subfield>
  </datafield>
  <datafield tag="924" ind1=" " ind2=" ">
    <subfield code="a">NO APLICA</subfield>
  </datafield>
  <datafield tag="942" ind1=" " ind2=" ">
    <subfield code="c">Tesis</subfield>
  </datafield>
  <datafield tag="999" ind1=" " ind2=" ">
    <subfield code="c">3667</subfield>
    <subfield code="d">3667</subfield>
  </datafield>
</record>
